000 00953na a2200277 4500
001 24265
003 MIRAKIL
005 20181213155333.0
008 180904b tu 000 0
020 _a9789751630339
040 _aMilas
_btur
_cTR-AnCHP
041 _atur
082 _a956.100491992
_bG94e 2015
090 _a956.100491992 G94e 2015
100 _aGüllü, Ramazan Erhan
245 _aErmeni sorunu ve İstanbul Ermeni patrikhanesi (1878-1923)
_cRamazan Erhan Güllü
260 _aAnkara
_bTürk Tarih Kurumu
_c2015
300 _axxii, 793 s.
_bres.
_c24 sm.
440 _aAKDTYK Türk Tarih Kurumu yayınları
_vIV/A-2-2.4. dizi-sayı 9
504 _aKaynakça ve dizin var.
650 _aİstanbul Ermeni patrikhanesi
_xTarih
_y1878-1923
650 _aErmeni sorunu
_xTarih
_xTürkiye
650 _aErmeni kilisesi
_xOsmanlı İmparatorluğu
_xTarih
650 _aErmeniler
_xOsmanlı İmparatorluğu
_xTarih
942 _2ddc
_cBKS
999 _c10781
_d10781